Learning Resource and Development

Labor law 2 : (Record no. 26506)

MARC details
000 -LEADER
fixed length control field 01577nam a2200265 i 4500
003 - CONTROL NUMBER IDENTIFIER
control field CSPC
005 - DATE AND TIME OF LATEST TRANSACTION
control field 20231122103128.0
008 - FIXED-LENGTH DATA ELEMENTS--GENERAL INFORMATION
fixed length control field 231114s2020 ph 000 0 eng d
020 ## - INTERNATIONAL STANDARD BOOK NUMBER
International Standard Book Number 9789712396816
040 ## - CATALOGING SOURCE
Transcribing agency CSPC
Original cataloging agency CSPC
Language of cataloging eng
050 #4 - LIBRARY OF CONGRESS CALL NUMBER
Classification number KPM1220
082 04 - DEWEY DECIMAL CLASSIFICATION NUMBER
Classification number 344.599
Item number Un311l
100 1# - MAIN ENTRY--PERSONAL NAME
Personal name Ungos, Paulino D., Jr.,
Relator term author.
245 10 - TITLE STATEMENT
Title Labor law 2 :
Remainder of title the law on labor relations /
Statement of responsibility, etc. Paulino D. Ungos Jr. and Paulino Q. Ungos III.
264 #1 - PRODUCTION, PUBLICATION, DISTRIBUTION, MANUFACTURE, AND COPYRIGHT NOTICE
Place of production, publication, distribution, manufacture Manila :
Name of producer, publisher, distributor, manufacturer REX Book Store,
Date of production, publication, distribution, manufacture, or copyright notice 2020.
300 ## - PHYSICAL DESCRIPTION
Extent xxxviii, 690 pages ;
Dimensions 24 cm.
336 ## - CONTENT TYPE
Source rdacontent
Content type term text
337 ## - MEDIA TYPE
Source rdamedia
Media type term unmediated
338 ## - CARRIER TYPE
Source rdacarrier
Carrier type term volume
505 0# - FORMATTED CONTENTS NOTE
Formatted contents note Book V: Labor relations -- Title I: Policy and definitions -- Title II: National labor relations commission -- Title III: Bureau of labor relations -- Title IV: Unfair labor practices -- Title VII: Collective bargaining and administration of agreements -- Title VIII: Strikes and lockouts and foreign involvement in trade union activities -- Title IX: Special provisions -- Book VI: Post employment -- Title I: Terminaltion of employment -- Title II: Retirement from the service -- Book VII: Transitory and final provisions -- Title I: Penal provisions and liabilities -- Title II: Prescription of offenses and claims -- Title III: Transitory and final provisions.
650 #0 - SUBJECT ADDED ENTRY--TOPICAL TERM
Topical term or geographic name entry element Labor laws and legislation
Geographic subdivision Philippines.
700 1# - ADDED ENTRY--PERSONAL NAME
Personal name Ungos, Paulino Q., III,
Relator term author.
942 ## - ADDED ENTRY ELEMENTS (KOHA)
Source of classification or shelving scheme Dewey Decimal Classification
Koha item type Books
Suppress in OPAC No
Classification part 344.599
Call number prefix FIL
Call number suffix 2020
Holdings
Withdrawn status Lost status Source of classification or shelving scheme Damaged status Not for loan Home library Current library Shelving location Date acquired Total Checkouts Full call number Barcode Date last seen Copy number Price effective from Koha item type
    Dewey Decimal Classification     Main Library Main Library Filipiniana Section 11/14/2023   FIL 344.599 Un311l 2020 026424 11/14/2023 1-1 11/14/2023 Books